=LDR 00000nam 2200000 4500 =001 INLIS000000000032794 =005 20130612134803 =008 ***********************************ind** =035 ##$$0010-061300000032794 =041 ##$$a ind =082 ##$$a 782.265 =090 ##$$a 782.265, Wil k =100 ##$$a William,G =245 ##$$a Kumpulan Lagu Wajib, William G, Lay K.Yanti =260 ##$$a 2006 $b Jakarta =300 ##$$a vi,125 hlm., Ilus., 23 cm =650 ##$$a Nyanyian =700 ##$$a Yanti, Lay K =850 ##$$a NBPNMAT